LEADER 01166nam0-22003611i-450- 001 990007472190403321 005 20091119183312.0 010 $a2-251-60529-0 035 $a000747219 035 $aFED01000747219 035 $a(Aleph)000747219FED01 035 $a000747219 100 $a20030814d1994----km-y0itay50------ba 101 0 $afre 102 $aFR 105 $aa---m---001yy 200 1 $aAmbiances climatiques instantanees au Spitsberg$epour une approche méthodique niveau d'échelle$fDanial Joly 210 $aParis$cDiffusion Les Belles Lettres$d1994 215 $a404 p.$cill.$d30 cm 225 1 $aCahier de géographie de Besançon$v33 225 1 $aAnnales littéraires de l'Université de Franche-Comté$v529 300 $aTesi di laurea all'Università di Besançon 610 0 $aClimatologia 610 0 $aNorvegia$aSpitsberg$aClima 610 0 $aSvalbard 700 1$aJoly,$bDaniel$0269830 801 0$aIT$bUNINA$gRICA$2UNIMARC 901 $aBK 912 $a990007472190403321 952 $aPeriod.037(033)$bI.G.1147$fILFGE 959 $aILFGE 996 $aAmbiances climatiques instantanees au Spitsberg$9674417 997 $aUNINA LEADER 01450nam2-2200433---450- 001 990002685630203316 005 20051129105007.0 035 $a000268563 035 $aUSA01000268563 035 $a(ALEPH)000268563USA01 035 $a000268563 100 $a20051115d2004----km-y0itay50------ba 101 0 $aita 102 $aIT 105 $aa|||z|||001yy 200 1 $a<<1.>> : Chiese, palazzi e giardini$fGiuseppe Rescigno 205 $a2. ed 210 $aMercato S. Severino$cAmministrazione Comunale$d2004 215 $a263 p.$cill.$d24 cm 300 $aIn cop.: Città di Mercato S. Severino, Assessorato alle politiche culturali; Lea, Laboratorio di educazione ambientale 300 $aIn custodia 410 0$12001 454 1 $12001 461 1$1001000268559$12001$aItinerari ambientali e culturali a Mercato San Severino 607 $aMercato San Severino$xStoria 610 $aMercato San Severino$xCultura e società 676 $a945.7443 700 1$aRESCIGNO,$bGiuseppe$09792 801 0$aIT$bsalbc$gISBD 912 $a990002685630203316 951 $aXV.1.A. 1040/1(V G 1230/1)$b183244 L.M.$cV G$d00176622 959 $aBK 969 $aUMA 979 $aPECORARO$b90$c20051115$lUSA01$h1217 979 $aPECORARO$b90$c20051115$lUSA01$h1303 979 $aPECORARO$b90$c20051115$lUSA01$h1422 979 $aCOPAT1$b90$c20051129$lUSA01$h1050 996 $aChiese, palazzi e giardini$91003202 997 $aUNISA LEADER 00925nam a2200241 a 4500 001 991001176069707536 008 035 $ab13331929-39ule_inst 040 $aDip.to Beni Culturali $bita 100 1 $aBeloch, Julius$0459345 245 10$aSurrentum im Alterthum =$bSorrento nell'antichità /$cJulius Beloch; a cura di Angelo Russi 246 01$aSorrento nell'antichità 260 $aSan Severo :$bGerni,$c1993 300 $aL, 128 p., 1 p. di tav. ripieg. :$bill. ;$c24 cm 440 0$aGervasiana studi ;$v2 650 4$aSorrento$xAntichità 700 1 $aRussi, Angelo 907 $a.b13331929$b02-04-14$c27-07-05 912 $a991001176069707536 945 $aLE001 M 120 8º$g1$i2001000043729$lle001$op$pE0.00$q-$rl$s- $t0$u0$v0$w0$x0$y.i14114483$z27-07-05 996 $aSurrentum im Alterthum$91105502 997 $aUNISALENTO 998 $ale001$b27-07-05$cm$da $e-$fita$git $h0$i0